| 000 | 00342nam a22001457a 4500 | ||
|---|---|---|---|
| 020 | _a81-7826-466-8 | ||
| 082 |
_a823 _bDOY/L |
||
| 245 |
_aTHE LOST WORLD _bSHORT STORY |
||
| 246 |
_aTHE LOST WORLD _bSHORT STORY |
||
| 250 | _a2003 | ||
| 260 |
_aDELHI _bROHAN BOOK COMPANY _c2003 |
||
| 300 | _a220 | ||
| 520 | _aCHILDRENS SHORT STORY | ||
| 942 | _cBK | ||
| 999 |
_c366 _d366 |
||